000 00946cam a2200277 a 4500
001 16465366
005 20150330104851.0
008 100918s2010 nyua b 001 0 eng
020 _a9780071629737
020 _a007162934
040 _aDLC
_cDLC
_dDLC
_dEG-ScBUE
082 0 0 _222
_a658.562
_bJUR
245 0 0 _aJuran's quality handbook :
_bthe complete guide to performance excellence /
_c[editors] Joseph M. Juran, Joseph A. De Feo.
246 3 0 _aQuality handbook
250 _a6th ed.
260 _aNew York :
_bMcGraw Hill,
_cc.2010.
300 _axxi, 1113 p. :
_bill. ;
_c24 cm.
500 _aPrevious eds. published under title: Quality control handbook.
504 _aIncludes bibliographical references and index.
650 0 _aQuality control
_vHandbooks, manuals, etc.
653 _bENGCHE
655 _vreading book
_934232
700 1 _aJuran, J. M.
_q(Joseph M.),
_d1904-2008.
700 1 _aDe Feo, Joseph A.
942 _2ddc
999 _c19047
_d19019